000 01390nam a22002777a 4500
001 EPSA 0166
003 gtcocun
005 20250906122607.0
006 a||||gr|||| 00| 0
007 ta
008 250906b2018 gt ||||| m||| 00| 0 eng d
040 _agtcocun
_bSPA
_cgtcocun
_eRDA
041 _aSPA EPSA 0166
084 _0EPSA 0166
100 _aArgueta Chanchavac, Lilian Lorena
_eAutor
245 _aINFORME FINAL DEL EJERCICIO PROFESIONAL SUPERVISADO REALIZADO EN PAN Y REPOSTERÍA DOÑA NESHITA, UBICADA EN LA VILLA DE SAN CRISTÓBAL VERAPAZ, ALTA VERAPAZ./
_cLilian Lorena Argueta Chanchavac.
_hImpreso
264 _aCobán, Alta Verapaz:
_bUniversidad de San Carlos de Guatemala, Centro Universitario del Norte, Licenciatura en Administración de Empresas
_c2018
300 _a273 p.:
_bIlustraciones, gráficas.
_c28 cm;
502 _eEPSA 0166
502 _aEjercicio Profesional Supervisado
_bLicenciatura en Administración de Empresas,
_cUniversidad de San Carlos de Guatemala, Centro Universitario del Norte, Licenciatura en Administración de Empresas
_d2018
_oEPSA 0166
650 1 4 _2LEMB
_aCobán, Alta Verapaz.
_xAdministración
_xRepostería
_xApoyo Social
_xDulces típicos
_xTecnológica
700 _eAsesor
856 _uSin archivo en línea.
_zSin archivo en línea.
942 _2ddc
_cTES
_iEPSA 0166
_kClasificación
_n0
_6EPSA_0166_000000000000000
999 _c1726
_d1726